| 000 | 00671nam a2200229 a 4500 | ||
|---|---|---|---|
| 999 |
_c4319 _d4319 |
||
| 001 | 4319 | ||
| 003 | BD-JhCC | ||
| 005 | 20171126122207.0 | ||
| 008 | 171126s2003 bg a|||| ||a| 000 0 ben d | ||
| 020 | _a9844460700 | ||
| 035 | _a(BD-JhCC)431 | ||
| 040 |
_aBD-JhCC _dBD-JhCC |
||
| 041 | _aben | ||
| 082 |
_a616.025 _bRAI 2003 |
||
| 100 | _aরায়হান, রোমেন | ||
| 245 |
_aমেডিক্যাল ইমার্জেন্সি / _cরোমেন রায়হান |
||
| 260 |
_aঢাকা : _bপ্রতিক, _c2003. |
||
| 300 |
_a110 p. : _c21 cm. _billu; |
||
| 650 | _aMedical Emergencies | ||
| 942 |
_2ddc _cBK |
||